[Event "Rewal op-A 16th"]
[Site "Rewal"]
[Date "2011.08.19"]
[Round "1"]
[White "Koitka, Jakub"]
[Black "Mitura, Vaclav"]
[Result "0-1"]
[WhiteElo "1917"]
[BlackElo "2150"]
[PlyCount "136"]
[EventDate "2011.08.19"]
[EventType "swiss"]
[EventRounds "9"]
[EventCountry "POL"]
[SourceTitle "CBM 144 Extra"]
[Source "ChessBase"]
[SourceDate "2011.10.28"]
[SourceVersion "1"]
[SourceVersionDate "2011.10.28"]
[SourceQuality "1"]

1. e4 c6 2. d4 d5 3. exd5 cxd5 4. Bd3 Nc6 5. c3 Nf6 6. Bf4 Bg4 7. Qb3 Qc8 8. Nd2 e6 9. Ngf3 Be7 10. 0-0 Bh5 11. Ne5 0-0 12. Ndf3 Nxe5 13. Nxe5 Nd7 14. Qc2 Bg6 15. Rad1 Nxe5 16. Bxe5 b5 17. Rfe1 b4 18. Qd2 bxc3 19. bxc3 Qc6 20. Rb1 Rac8 21. Rb3 a5 22. Bb5 Qa8 23. a4 Rfd8 24. Qe2 Bd6 25. Bxd6 Rxd6 26. h4 h5 27. Qd2 Rc7 28. Qf4 Qd8 29. g3 Rb6 30. Re3 Bc2 31. Ra3 Qd6 32. Qxd6 Rxd6 33. Kf1 Rb6 34. Ke1 Bg6 35. Kd2 Kf8 36. Re1 Bf5 37. Raa1 Ke7 38. Re3 Kd6 39. Rae1 Rb8 40. Rc1 Bg6 41. Rce1 Ra8 42. R1e2 Re7 43. Re1 Rb8 44. Rc1 Rc8 45. Rce1 f6 46. f3 Be8 47. Bxe8 Rexe8 48. Rb1 Rb8 49. Ree1 e5 50. Kd3 exd4 51. Rxe8 Rxb1 52. Rd8+ Ke6 53. Kxd4 Rd1+ 54. Kc5 Rd3 55. Re8+ Kf7 56. Ra8 Rxc3+ 57. Kxd5 Rxf3 58. Ke4 Rxg3 59. Rxa5 Rg4+ 60. Kf3 Rxh4 61. Kg3 g5 62. Ra7+ Kg6 63. Ra5 Rb4 64. Ra6 Rb3+ 65. Kg2 g4 66. Ra5 h4 67. Ra8 Rb2+ 68. Kg1 Kg5 0-1

[Event "Sudety op 4th"]
[Site "Szklarska Poreba"]
[Date "2011.06.02"]
[Round "6"]
[White "Koitka, Jakub"]
[Black "Sabuk, Piotr"]
[Result "1/2-1/2"]
[WhiteElo "1920"]
[BlackElo "2227"]
[PlyCount "133"]
[EventDate "2011.05.29"]
[EventType "swiss"]
[EventRounds "9"]
[EventCountry "POL"]
[SourceTitle "CBM 142 Extra"]
[Source "ChessBase"]
[SourceDate "2011.06.27"]
[SourceVersion "1"]
[SourceVersionDate "2011.06.27"]
[SourceQuality "1"]

1. e4 e5 2. Nf3 Nc6 3. Bc4 Nf6 4. d4 exd4 5. 0-0 Nxe4 6. Re1 d5 7. Bxd5 Qxd5 8. Nc3 Qa5 9. Nxe4 Be6 10. Neg5 0-0-0 11. Nxe6 fxe6 12. Rxe6 Bd6 13. Bd2 Qf5 14. Re1 Rhf8 15. Bg5 Rd7 16. Qe2 h6 17. Bh4 g5 18. Bg3 Re7 19. Qd2 Bb4 20. c3 dxc3 21. bxc3 Rd7 22. Qb2 Bc5 23. Rad1 Rxd1 24. Rxd1 h5 25. h4 Qg4 26. Qb5 Rxf3 27. Qxc5 Rf5 28. Rd5 Rxd5 29. Qxd5 gxh4 30. Be5 h3 31. g3 Qf5 32. f4 Qg4 33. Kh2 h4 34. gxh4 Ne7 35. Qd2 Nf5 36. Bf6 Qg3+ 37. Kh1 Qf3+ 38. Kg1 Qg3+ 39. Kh1 Qf3+ 40. Kg1 b6 41. Qf2 Qc6 42. Be5 Ne3 43. Qg3 h2+ 44. Qxh2 Qf3 45. Qd2 Qg3+ 46. Kh1 Qf3+ 47. Kg1 c5 48. h5 Qg3+ 49. Kh1 Qh3+ 50. Kg1 Qg3+ 51. Kh1 Qf3+ 52. Kg1 Qf1+ 53. Kh2 Qf3 54. Kg1 Ng4 55. Qg2 Qd1+ 56. Qf1 Qd2 57. Qf3 Qh2+ 58. Kf1 Qxh5 59. Qc6+ Kd8 60. Bc7+ Ke7 61. Bd6+ Kf7 62. Qd7+ Kg8 63. Qd8+ Kh7 64. Qe7+ Kg8 65. Qd8+ Kh7 66. Qd7+ Kg8 67. Qd8+ 1/2-1/2

[Event "Sudety op 4th"]
[Site "Szklarska Poreba"]
[Date "2011.06.02"]
[Round "7"]
[White "Siwiec, Arkadiusz"]
[Black "Koitka, Jakub"]
[Result "1-0"]
[WhiteElo "2123"]
[BlackElo "1920"]
[PlyCount "53"]
[EventDate "2011.05.29"]
[EventType "swiss"]
[EventRounds "9"]
[EventCountry "POL"]
[SourceTitle "CBM 142 Extra"]
[Source "ChessBase"]
[SourceDate "2011.06.27"]
[SourceVersion "1"]
[SourceVersionDate "2011.06.27"]
[SourceQuality "1"]

1. e4 e6 2. Nf3 d5 3. e5 c5 4. b4 cxb4 5. a3 bxa3 6. d4 Qc7 7. Nxa3 Bb4+ 8. Bd2 Bxd2+ 9. Qxd2 Bd7 10. Bd3 f5 11. Qg5 Bc6 12. g4 g6 13. h4 Ne7 14. h5 h6 15. Qf6 Rf8 16. Qg7 Qa5+ 17. Ke2 fxg4 18. Nh4 Rf7 19. Qh8+ Kd7 20. hxg6 Rf4 21. g7 Rxf2+ 22. Kxf2 Qd2+ 23. Kg3 Qe3+ 24. Kg2 Qd2+ 25. Kf1 g3 26. Qf8 Nf5 27. Qf7+ 1-0

[Event "Sudety op 4th"]
[Site "Szklarska Poreba"]
[Date "2011.05.30"]
[Round "2"]
[White "Koitka, Jakub"]
[Black "Zeberski, Jakub"]
[Result "1/2-1/2"]
[WhiteElo "1920"]
[BlackElo "2395"]
[PlyCount "85"]
[EventDate "2011.05.29"]
[EventType "swiss"]
[EventRounds "9"]
[EventCountry "POL"]
[SourceTitle "CBM 142 Extra"]
[Source "ChessBase"]
[SourceDate "2011.06.27"]
[SourceVersion "1"]
[SourceVersionDate "2011.06.27"]
[SourceQuality "1"]

1. e4 e6 2. d4 d5 3. Nc3 Bb4 4. e5 c5 5. a3 Bxc3+ 6. bxc3 Qa5 7. Bd2 Qa4 8. Qg4 g6 9. c4 Nc6 10. dxc5 Nge7 11. Nf3 Qxc2 12. Qf4 h6 13. cxd5 exd5 14. Rc1 Qe4+ 15. Be3 Qxf4 16. Bxf4 g5 17. Bg3 Bf5 18. Kd2 0-0-0 19. Bd3 Be4 20. Kc3 Nf5 21. Rhe1 Bxd3 22. Kxd3 Rhe8 23. h3 g4 24. hxg4 Nxg3 25. fxg3 Rg8 26. g5 hxg5 27. Nd4 Rg6 28. Nxc6 Rxc6 29. Rf1 Rd7 30. Rf5 Ra6 31. Rc3 d4 32. Rb3 Rc6 33. Rxg5 Kc7 34. Rb5 a6 35. Rb4 Rxc5 36. Rxd4 Rc1 37. Rxd7+ Kxd7 38. Rg4 Ke6 39. Rb4 b5 40. a4 Rc6 41. axb5 axb5 42. Ke4 Rc5 43. Kf3 1/2-1/2